Five brilliant scientists / (Record no. 5967)
[ view plain ]
| 000 -LEADER | |
|---|---|
| fixed length control field | 01200cam a2200337 a 4500 |
| 001 - CONTROL NUMBER | |
| control field | 5967 |
| 003 - CONTROL NUMBER IDENTIFIER | |
| control field | FISKH |
| 005 - DATE AND TIME OF LATEST TRANSACTION | |
| control field | 20250821132444.0 |
| 008 - FIXED-LENGTH DATA ELEMENTS--GENERAL INFORMATION | |
| fixed length control field | 990629s2000 nyua b 000 0ceng |
| 010 ## - LIBRARY OF CONGRESS CONTROL NUMBER | |
| LC control number | 99026687 |
| 020 ## - INTERNATIONAL STANDARD BOOK NUMBER | |
| International Standard Book Number | 0590480316 |
| 020 ## - INTERNATIONAL STANDARD BOOK NUMBER | |
| International Standard Book Number | 9780590480314 |
| 040 ## - CATALOGING SOURCE | |
| Original cataloging agency | DLC |
| Transcribing agency | DLC |
| Modifying agency | DLC |
| Language of cataloging | eng |
| 050 ## - LIBRARY OF CONGRESS CALL NUMBER | |
| Classification number | Q141 .J69 |
| 082 ## - DEWEY DECIMAL CLASSIFICATION NUMBER | |
| Classification number | 509.2273 |
| 100 1# - MAIN ENTRY--PERSONAL NAME | |
| Personal name | Jones, Lynda |
| Dates associated with a name | (1944-1972) |
| 245 10 - TITLE STATEMENT | |
| Title | Five brilliant scientists / |
| Statement of responsibility, etc. | by Lynda Jones ; illustrations by Ron Garnett. |
| 250 ## - EDITION STATEMENT | |
| Edition statement | This edition first published in 2008 |
| 260 ## - PUBLICATION, DISTRIBUTION, ETC. | |
| Place of publication, distribution, etc. | New York : |
| Name of publisher, distributor, etc. | Scholastic, |
| Date of publication, distribution, etc. | 2000. |
| 300 ## - PHYSICAL DESCRIPTION | |
| Extent | 48 pages : |
| Other physical details | color illustrations ; |
| Dimensions | 23 cm. |
| 505 ## - FORMATTED CONTENTS NOTE | |
| Formatted contents note | R<br/> |
| 520 ## - SUMMARY, ETC. | |
| Summary, etc. | Describes the early lives and notable achievements of five black scientists, Susan McKinney Steward, George Washington Carver, Ernest Everett Just, Percy Lavon Julian, and Shirley Ann Jackson. |
| 521 8# - TARGET AUDIENCE NOTE | |
| Target audience note | 770<br/> |
| Source | Lexile<br/> |
| 521 8# - TARGET AUDIENCE NOTE | |
| Target audience note | R<br/> |
| Source | Raz-Plus<br/> |
| 650 #0 - SUBJECT ADDED ENTRY--TOPICAL TERM | |
| Topical term or geographic name entry element | African American scientists |
| Form subdivision | Biography |
| -- | Juvenile literature. |
| 650 #1 - SUBJECT ADDED ENTRY--TOPICAL TERM | |
| Topical term or geographic name entry element | Scientists. |
| Source of heading or term | African Americans |
| 700 1# - ADDED ENTRY--PERSONAL NAME | |
| Personal name | Garnett, Ron |
| Relator term | illustrator |
| 906 ## - LOCAL DATA ELEMENT F, LDF (RLIN) | |
| a | 7 |
| b | cbc |
| c | orignew |
| d | 1 |
| e | ocip |
| f | 19 |
| g | y-gencatlg |
| 942 ## - ADDED ENTRY ELEMENTS (KOHA) | |
| Source of classification or shelving scheme | Dewey Decimal Classification |
| Koha item type | Books |
| Suppress in OPAC | No |
| Withdrawn status | Lost status | Source of classification or shelving scheme | Damaged status | Not for loan | Collection | Home library | Current library | Shelving location | Date acquired | Total Checkouts | Full call number | Barcode | Date last seen | Copy number | Price effective from | Koha item type | Date due | Date last checked out |
|---|---|---|---|---|---|---|---|---|---|---|---|---|---|---|---|---|---|---|
| Dewey Decimal Classification | Juvenile Fiction | Footprints International School Library Network Toul Tom Poung Campus | Footprints International School Library Network Toul Kork Campus | TTP Primary Orange Bookshelves | 08/13/2025 | 2 | JON 509.2273 Q141 .J69 | FISBK05459 | 03/25/2026 | 2 | 08/13/2025 | Books | 04/08/2026 | 03/25/2026 | ||||
| Dewey Decimal Classification | Juvenile Fiction | Footprints International School Library Network Toul Tom Poung Campus | Footprints International School Library Network Toul Tom Poung Campus | TTP Primary Orange Bookshelves | 02/13/2025 | JON 509.2273 Q141 .J69 | 2025-0533 | 02/13/2025 | 1 | 02/13/2025 | Books | |||||||
| Dewey Decimal Classification | Juvenile Fiction | Footprints International School Library Network Toul Tom Poung Campus | Footprints International School Library Network Toul Tom Poung Campus | TTP Primary Orange Bookshelves | 08/21/2025 | JON 509.2273 Q141 .J69 | FISTK00625 | 08/21/2025 | 3 | 08/21/2025 | Books |
